000 01330 a2200241 4500
003 Nust
005 20221208114619.0
010 _a 97041674
020 _a0306457253
040 _cNust
082 0 0 _a621.382,MEN
100 1 _aMengali, Umberto.
_9104437
245 0 0 _aSynchronization techniques for digital receivers /
_cUmberto Mengali and Aldo N. D'Andrea.
260 _aNew York :
_bPlenum Press,
_cc1997.
300 _axiii, 520 p. :
_bill. ;
_c24 cm.
440 0 _aApplications of communications theory
_9104438
505 _aIntroduction (Page-1), Principles, Methods and Performance Limits (Page-9), Carrier Frequency Recovery with Linear Modulations (Page-79), ), Carrier Frequency Recovery with CMP Modulations (Page-147), ), Carrier Phase Recovery with Linear Modulations (Page-189), ), Carrier Phase Recovery With CMP Modulations (Page-307), Timing Recovery in Baseband Transmission (Page-353), Timing Recovery with Linear Modulations (Page-411), Timing Recovery with CMP Modulations (Page-477),
650 0 _aTelecommunications engineering.
_958485
700 1 _aD'Andrea, Aldo N.
_9104439
856 4 2 _3Publisher description
_uhttp://www.loc.gov/catdir/enhancements/fy0821/97041674-d.html
856 4 2 _3Table of contents only
_uhttp://www.loc.gov/catdir/enhancements/fy0821/97041674-t.html
942 _2ddc
_cBK
999 _c188220
_d188220